LEADER 03045nam 2200517 450 001 9910816872403321 005 20210618083341.0 010 $a1-119-68681-4 010 $a1-119-68684-9 010 $a1-119-68685-7 035 $a(CKB)4100000010013920 035 $a(MiAaPQ)EBC6001237 035 $a(CaSebORM)9781786304551 035 $a(EXLCZ)994100000010013920 100 $a20200228h20202019 uy 0 101 0 $aeng 135 $aurcnu|||||||| 181 $ctxt$2rdacontent 182 $cc$2rdamedia 183 $acr$2rdacarrier 200 10$aAnalysis, modeling and stability of fractional order differential systems 2 $ethe infinite state approach /$fJean-Claude Trigeassou, Nezha Maamri 205 $a1st edition 210 1$aLondon :$cISTE Limited$d[2019] 210 4$dİ2019 215 $a1 online resource (409 pages) $cillustrations 225 1 $aSystems and industrial engineering series 311 $a1-78630-455-4 320 $aIncludes bibliographical references and index. 330 $aThis book introduces an original fractional calculus methodology ('the infinite state approach') which is applied to the modeling of fractional order differential equations (FDEs) and systems (FDSs). Its modeling is based on the frequency distributed fractional integrator, while the resulting model corresponds to an integer order and infinite dimension state space representation. This original modeling allows the theoretical concepts of integer order systems to be generalized to fractional systems, with a particular emphasis on a convolution formulation. With this approach, fundamental issues such as system state interpretation and system initialization ? long considered to be major theoretical pitfalls ? have been solved easily. Although originally introduced for numerical simulation and identification of FDEs, this approach also provides original solutions to many problems such as the initial conditions of fractional derivatives, the uniqueness of FDS transients, formulation of analytical transients, fractional differentiation of functions, state observation and control, definition of fractional energy, and Lyapunov stability analysis of linear and nonlinear fractional order systems. This second volume focuses on the initialization, observation and control of the distributed state, followed by stability analysis of fractional differential systems. 410 0$aSystems and industrial engineering series. 606 $aFractional calculus 606 $aFractional differential equations 606 $aFractional integrals 615 0$aFractional calculus. 615 0$aFractional differential equations. 615 0$aFractional integrals. 676 $a515.83 700 $aTrigeassou$b Jean-Claude$0880053 702 $aMaamri$b Nezha 801 0$bMiAaPQ 801 1$bMiAaPQ 801 2$bMiAaPQ 906 $aBOOK 912 $a9910816872403321 996 $aAnalysis, modeling and stability of fractional order differential systems 2$94037360 997 $aUNINA LEADER 03271oam 2200697I 450 001 9910963163803321 005 20251117082319.0 010 $a1-135-22947-3 010 $a1-135-22948-1 010 $a1-282-57624-0 010 $a9786612576249 010 $a0-203-86504-9 024 7 $a10.4324/9780203865040 035 $a(CKB)2550000000006752 035 $a(EBL)481085 035 $a(OCoLC)609638025 035 $a(SSID)ssj0000359580 035 $a(PQKBManifestationID)12110932 035 $a(PQKBTitleCode)TC0000359580 035 $a(PQKBWorkID)10307244 035 $a(PQKB)10145036 035 $a(MiAaPQ)EBC481085 035 $a(Au-PeEL)EBL481085 035 $a(CaPaEBR)ebr10370093 035 $a(CaONFJC)MIL257624 035 $a(OCoLC)609638025 035 $a(EXLCZ)992550000000006752 100 $a20180706d2010 uy 0 101 0 $aeng 135 $aur|n|---||||| 181 $ctxt 182 $cc 183 $acr 200 10$aEthnic politics in Israel $ethe margins and the Ashkenazi center /$fAs'ad Ghanem 205 $a1st ed. 210 1$aLondon ;$aNew York :$cRoutledge,$d2010. 215 $a1 online resource (234 p.) 225 1 $aRoutledge studies in Middle Eastern politics ;$v16 300 $aDescription based upon print version of record. 311 08$a0-415-84748-6 311 08$a0-415-54735-0 320 $aIncludes bibliographical references (p. [199]-211) and index. 327 $aIsrael as a hegemonic ethnic state and the politics of group identity -- The Palestinian minority in Israel : resisting the "ethnocratic" system -- Mizrahi (Oriental) Jews and the Ashkenazi system : incorporation vs. separation politics -- Jewish religious groups and the politics of identity in the "secular-Jewish" state -- Russian immigrants : imposing multi-culturalism in the public sphere in Israel -- Groups divisions, the external conflict and political instability in Israel since Oslo -- Conclusion : the future of group politics in Israel. 330 $aThis book offers an analysis on contemporary Israeli democracy, examining in particular society and politics from the perspectives of the different ethnic groups outside of the Ashkenazi mainstream. The book explores the political expressions of the secondary groups in Israel (Mizrahim, Religious, Russians and Palestinian-Arab) and how these groups where treated by the Ashkinazim as a threat to its hegemony over the state. Looking at the instability created by the struggle of these marginal groups against the state, and the discrimination policy practiced by the Ashkenazi 'hegemonic 410 0$aRoutledge studies in Middle Eastern politics ;$v16. 606 $aEthnicity$xPolitical aspects$zIsrael 606 $aMinorities$xPolitical activity$zIsrael 606 $aGroup identity$zIsrael 607 $aIsrael$xEthnic relations$xPolitical aspects 615 0$aEthnicity$xPolitical aspects 615 0$aMinorities$xPolitical activity 615 0$aGroup identity 676 $a305.80095694 676 $a323.15694 700 $aGanim$b As?ad$0850646 801 0$bFlBoTFG 801 1$bFlBoTFG 906 $aBOOK 912 $a9910963163803321 996 $aEthnic politics in Israel$94494254 997 $aUNINA